Datum a čas kvízu
41
Celkem bodů
Celkový počet nahraných bodů na tomto kvízu bez doplňovacích otázek.
1.
Pořadí na kvízu
Konečné umístění týmu na tomto kvízu.
Zaznamenané odpovědi
| # | Otázka | Odpověď | Body | Výsledky |
|---|---|---|---|---|
| 1. | Minulý týden se v Praze konal... | Globsec | 0 | |
| 2. | Malému chlapci se při návštěvě... | Haifa | 0 | |
| 3. | Která zahraniční kapela minulý... | Oasis | 1 | |
| 4. | 62letý muž čelí trestnímu ozná... | A) ve vlaku nefungovaly toalety | 1 | |
| 5. | Česká atletka Lurdes Gloria Ma... | běh na 400 m | 1 | |
| 6. | Téma začneme stavbou, které mn... | v roce 1985 | 1 | |
| 7. | Žebříčků hodnotících nejoškliv... | v Severní Koreji (KLDR) | 1 | |
| 8. | Pravděpodobně druhá největší a... | Palác Parlamentu (Palác lidu, Dům národů), Bukurešť | 0.5 | |
| 9. | I Slovensko má svého zástupce... | Martina Šimkovičová | 0 | |
| 10. | V této londýnské budově sídlí... | MI6 | 1 |